header

The status of birds in Britain and Ireland (Record no. 82105)

MARC details
000 -LEADER
fixed length control field 01471nam a2200373Ia 4500
082 04 - DEWEY DECIMAL CLASSIFICATION NUMBER
Classification number 598.0941
100 1# - MAIN ENTRY--AUTHOR NAME
Personal name Parkin, David T.
245 14 - TITLE STATEMENT
Title The status of birds in Britain and Ireland
260 ## - PUBLICATION, DISTRIBUTION, ETC. (IMPRINT)
Place of publication London :
Name of publisher Christopher Helm,
Year of publication 2010.
300 ## - PHYSICAL DESCRIPTION
Number of Pages 440 p., [32] p. of plates :
Other physical details col. ill.
490 0# - SERIES STATEMENT
Series statement Helm county avifauna
650 #0 - SUBJECT ADDED ENTRY--TOPICAL TERM
Topical Term Birds
Topical Term Birds
Topical Term Birds
Topical Term Birds
Topical Term Bird populations
Topical Term Bird populations
700 1# - ADDED ENTRY--PERSONAL NAME
Personal name Knox, A. G.
856 40 - ELECTRONIC LOCATION AND ACCESS
Uniform Resource Identifier http://site.ebrary.com/lib/rucke/Doc?id=10404984

No items available.

© 2026 Rongo University
Contact us: librarian | system librarian | Rongo university